00399nam a2200157Ia 450000500170000000800410001702000150005805000260007310000220009924500480012126000300016930000210019944000060022052100070022652600080023320140403094156.0140130s9999 xx 000 0 und d a059022378x aPZ 7b.B380544Wh 1992 aBeatty, Patricia  cPatricia Beatty.aWho Comes With Cannons? / bScholastic,c1992.aUSA : a186 p. :c20 cm. v1 aG5 c760